| 000 | 00601nam a22001817a 4500 | ||
|---|---|---|---|
| 999 |
_c17818 _d17818 |
||
| 003 | AR-CdUCM | ||
| 008 | 190509b ||||| |||| 00| 0 spa d | ||
| 040 |
_aMUNICIPALIDAD PROVINCIAL DEL CUSCO _cBIBLIOTECA MUNICIPAL DEL CUSCO |
||
| 082 |
_a920.5 / _bR77 |
||
| 100 |
_aRojas, Rodrigo _937999 |
||
| 245 |
_aJamas de rodillas : _bacusación de un prisionero de la junta fascista de Chile / |
||
| 260 |
_aMoscu : _bNovosti, _c1974. |
||
| 300 |
_a103 páginas ; _c17 cm. |
||
| 505 | _aConducta de comunista -- Prisionero en el estado | ||
| 650 |
_aComunismo. _9495 |
||
| 942 |
_2ddc _cLIBROS |
||
| 945 | _awfj | ||